[Event "Bundesliga 0506"]
[Site "Germany"]
[Date "2006.02.19"]
[Round "11.1"]
[White "Jussupow, Artur"]
[Black "Polzin, Rainer"]
[Result "1/2-1/2"]
[WhiteElo "2595"]
[BlackElo "2514"]
[Annotator "Hazai,L"]
[PlyCount "101"]
[EventDate "2005.10.21"]
[EventType "team-tourn"]
[EventRounds "15"]
[EventCountry "GER"]
[SourceTitle "CBM 112"]
[Source "ChessBase"]
[SourceDate "2006.06.07"]
[SourceVersion "1"]
[SourceVersionDate "2006.06.07"]
[SourceQuality "1"]
[WhiteTeam "Solingen"]
[BlackTeam "Neukoelln"]
[WhiteTeamCountry "GER"]
[BlackTeamCountry "GER"]

1. d4 Nf6 2. Nf3 g6 3. g3 Bg7 4. Bg2 O-O 5. O-O d6 6. b3 {This quiet
positional system is not without venom, but certainly 6.c4 is more promising...
} e5 7. dxe5 dxe5 {Black doesn't want to complicate matters, his aim is a safe
equalization.} (7... Nfd7 {- Dizdarevich-Armanda, Solin/Split 2003 CBM 99}) 8.
Ba3 $1 Qxd1 (8... Re8 $5 {deserves attention as well.} 9. Nc3 (9. Qxd8 Rxd8 10.
Nc3 Nc6 (10... Re8 11. Rad1 c6 12. Ng5 {/\ Nge4 >< d6} Bf5 13. Nge4 (13. e4 {
restricts only the white pieces.} Bg4 14. Rd3 h6 15. Nf3 Na6 16. h3 Bxf3 17.
Bxf3 Bf8 18. Bxf8 Kxf8 $11 {A.Martin-W.Watson, Walsall 1992}) 13... Nxe4 14.
Nxe4 Bxe4 15. Bxe4 {White has the ^^, the d <-> and the better developed
pieces.} Na6 16. Rd7 $14) 11. Rad1 Bf5 $11 {quickly finishing the development,
Koneru-McNab, Hampstead 2001.}) 9... Nc6 10. Ng5 {The d6 square is not weak
this time!} Bf5 11. Nge4 Nxe4 12. Nxe4 Qxd1 13. Rfxd1 Nd4 $11 {
Ekstrom-Gallagher, Swiss chT 1994}) 9. Rxd1 Re8 10. Nc3 (10. Bb2 $143 {allows
Black to finish his development without any problems.} e4 (10... Nc6 11. Na3 e4
12. Nd4 Nxd4 13. Bxd4 b6 14. c4 Bb7 15. Nc2 Rad8 $11 {Rodgaard-Hazai,
Copenhagen 1987}) 11. Ne5 Ng4 {is more active!} (11... Nbd7 12. Nc4 Nc5 13.
Nba3 Be6 14. Bd4 b6 $11 {Navarovszky-Lilienthal, Balatonfured 1960})) 10... e4
(10... Bd7 $2 {founders on the tactical blow} 11. Nxe5 $1 Rxe5 12. Bxb7 Bc6 13.
Bxa8 Bxa8 14. Rd8+ Re8 15. Rad1 $16 {Kholmov-Khasin, Moscow 1957}) (10... Na6
11. Nd2 e4 12. Nc4 Rb8 13. Bb2 b6 14. Nb5 $5 (14. Nd5 {leads only to
unnecessary exchanges.} Nxd5 15. Bxg7 Kxg7 16. Rxd5 Be6 17. Rd4 f5 18. Ne3 Rbd8
19. Rad1 Rxd4 20. Rxd4 Nb8 $11 {Cigan-Groszpeter, Austria 1995})) 11. Nd4 $6 (
11. Ne1 $2 {The N is really outplaced here.} c6 12. Rab1 Nbd7 13. Bh3 Nb6 14.
Bxc8 Raxc8 $15 {Barcza-Szabo, Budapest 1961}) (11. Nd2 Nc6 $5 (11... e3 {
corrupts White's P structure, but the lack of development can be fatal.} 12.
fxe3 Ng4 13. Nd5 Nxe3 14. Nxe3 (14. Nxc7 $5) 14... Rxe3 15. Ne4 Nc6 16. Kf2
Bxa1 17. Kxe3 $14 {Komljenovic-Grigore, Benasque 1999}) (11... Na6 {- 10...Na6}
)) 11... e3 (11... c6 {depriving the knights from their penetration squares.}
12. e3 (12. f3 Nbd7 (12... Na6 $5 {looks more active.}) 13. Nxe4 Nxe4 14. fxe4
c5 {Black wins the exchange, but loses the fight for the development.} 15. Nb5
Bxa1 16. Rxa1 Rb8 17. Rd1 b6 18. Bb2 $44 {Alvarez Ibarra-Grigore, Benasque 1999
}) 12... Nbd7 13. h3 (13. Rd2 Nb6 {is probably an easier way for development.}
(13... Nf8 14. Rad1 h5 15. h3 N8h7 16. Kh2 Ng5 17. Na4 Nd7 18. Nc5 Nxc5 19.
Bxc5 $14 {Pomar Salamanca-Keene, Caorle 1972}) 14. h3 Bd7 15. Rad1 Rad8) (13.
g4 h6 14. h3 Nf8 (14... Nb6 $5 {is again the alternative.}) 15. Rd2 N8h7 16.
Rad1 Ng5 $13 {Danielsen-Schandorff, Tonder 1993}) 13... Nf8 (13... Nb6 {
/\ Bd7, Rad8 neutralizing the pressure on the d <->.}) 14. Rd2 h5 $5 {/\
N8h7-g5} (14... h6 15. Rad1 N8h7 16. Nce2 (16. Na4 $5 Ng5 17. Kh2) 16... Ng5
17. Nf4 h5 18. c4 Nd7 19. h4 Nh7 20. Nde2 Nhf8 21. Bd6 Nf6 22. Bh3 Ng4 23. Bg2
Nf6 24. Bh3 Ng4 25. Bg2 Nf6 {1/2-1/2 E.Cosma-Sziva, Istanbul 2000})) (11... a6
{Black doesn't want to weaken the d6 square.} 12. e3 Nbd7 13. Bb2 (13. Na4 b5
14. Nc5 Nxc5 15. Bxc5 Nd7 $17 {I.Cosma-Navrotescu, Baile Tusnad 2001}) 13... b6
14. a4 Bb7 15. Rd2 (15. b4 {weakening >< c4.} Ne5 $36 {Pomar
Salamanca-Unzicker, Haifa 1976}) 15... Ne5 16. Rad1 Rad8 $13) 12. fxe3 $6 (12.
f4 $5 c6 $13) 12... c6 {Now White's P structure is vulnerable, and he cannot
find a real target for his better developed pieces.} 13. Rd3 Ng4 (13... Nbd7)
14. Nd1 Nd7 15. c3 (15. h3 Nge5 16. Rd2 Nf6) 15... Nde5 16. Rd2 Bh6 17. Nc2 {
White's pieces become extremely passive defending the weak e3 P.} Bf5 18. h3
Bxc2 19. Rxc2 Nxe3 20. Nxe3 Bxe3+ {Black has won back the P with a better
position, the ^^ has no future, but the structural weaknesses remain.} 21. Kh2
Rad8 22. c4 h5 (22... f5 {immediately looks more flexible.}) 23. Rf1 f5 (23...
Kg7 24. Bb2 Bd4 25. Bc1 {avoiding the good N versus bad B _|_.} f6 26. Rd1) 24.
Bb2 Rd7 (24... Bd4 25. Bc1 Nf7 $15 {with an annoying pressure against >< e2.})
25. Bxe5 Rxe5 {[%mdl 4096] White has still problems in the _|_ R+^-, this type
is far from drawish!} 26. b4 Rd2 {Black has no interest in exchanging his
active R for White's passive one.} (26... Kg7) 27. Rfc1 f4 (27... h4 {looked
more dangerous.} 28. b5 (28. gxh4 $2 Bf4+ 29. Kh1 Rexe2) 28... cxb5 29. cxb5
Rxc2 30. Rxc2 Rxb5 31. Rc7 (31. Rc8+ {activates the black K.} Kf7 32. Rc7+ Kf6
33. Rxb7 Ra5 34. Rb2 Bd4 35. Rd2 Be5 $19) 31... Rb2 $17) 28. Bf3 fxg3+ 29. Kg2
(29. Kxg3 {was not the end of the world?!} Rg5+ 30. Kh2 Bf4+ 31. Kh1) 29...
Rxc2 (29... Rd7 {keeping the active rooks was logical.} 30. Rb1 h4 31. b5 cxb5
32. cxb5 Kg7 $17) 30. Rxc2 h4 31. Rc3 Bd2 (31... Kf7) 32. Rb3 b6 (32... a6 {
allows the exchanges after} 33. b5 axb5 34. cxb5 cxb5 35. Rd3 Be3 36. Rd8+ Kg7
37. Rd7+ Kf6 38. Rxb7) 33. Rb2 Bc3 34. Rb3 Bd4 35. Rd3 c5 36. bxc5 Bxc5 (36...
bxc5 37. Rb3) 37. Rd8+ {winning the P, but activating the K.} (37. Rd7) 37...
Kg7 38. Rd7+ Kf6 39. Rxa7 Re3 40. Rh7 Kg5 (40... g5 41. Rd7) 41. Rf7 Rc3 42.
Be4 Rc1 (42... Rxc4 43. Bd3 Ra4 44. Bb1) 43. Rf1 Rxc4 44. Bd3 Ra4 45. Bb1 Bf2 (
45... b5 $1 {and the g6 P can be defended from the sixth rank.} 46. Bd3 b4 47.
Rc1 Ra5 48. Rc4 Kh5) 46. Rd1 {/\ Rd6 >< g6} Rb4 (46... Kf4 47. Rd6 g5 48. Rf6+)
(46... Bc5 {was still possible.}) 47. Bd3 Kf6 $2 (47... Ra4 {repeating moves
was still possible.}) 48. Rc1 $1 {Now suddenly the black R cannot avoid the
exchange, after which the _|_ becomes dead draw!} Bc5 (48... g5 49. Rc4 Rb2 50.
Rc2 {with perpetual harrassing!}) 49. Rc4 {and the R cannot escape.} g5 50.
Rxb4 Bxb4 51. a4 1/2-1/2

[Event "EU-ch 4th"]
[Site "Istanbul"]
[Date "2003.06.10"]
[Round "10"]
[White "Sturua, Zurab"]
[Black "Mamedyarov, Shakhriyar"]
[Result "1/2-1/2"]
[WhiteElo "2545"]
[BlackElo "2607"]
[Annotator "Hazai,L"]
[PlyCount "73"]
[EventDate "2003.05.30"]
[EventType "swiss"]
[EventRounds "13"]
[EventCountry "TUR"]
[SourceTitle "CBM 096"]
[Source "ChessBase"]
[SourceDate "2003.09.25"]
[SourceVersion "1"]
[SourceVersionDate "2003.09.25"]
[SourceQuality "1"]

1. Nf3 Nf6 2. g3 g6 3. Bg2 Bg7 4. O-O O-O 5. d4 d6 6. a4 c5 {This idea helps
only for White at first sight to use the opened long /^ by a4-a5-a6. However
things are not so easy...} (6... a5 7. Re1 Nc6 {- Badea-Iordachescu, Bucharest
2001 CBM 82} (7... Nbd7 {- Bartel-Blehm, Warsaw 2002 CBM 89})) (6... Nc6 {
- Romanishin-Jobava, Leon 2001 CBM 86}) 7. dxc5 (7. a5 Na6 8. Nc3 (8. c4 Bf5 9.
Nc3 Qd7 10. d5 Ne4 $11 {with mass exchanges on e4, Romanishin-Gasanov, Alushta
2002.}) 8... Bd7 (8... Rb8 9. h3 b5 10. axb6 axb6 11. e4 {may lead to a batter
g3 Dragon for White.} Nd7 12. Re1 Nb4 13. Be3 Bb7 14. Qd2 $14 {Gutman-Santl,
Bad Woerishofen 2001}) 9. h3 Qc8 10. Kh2 Rb8 11. Bg5 Re8 12. Qd2 b5 13. axb6
axb6 14. e4 {This structure is again preferable for White.} Bc6 15. d5 Bd7 16.
Rfe1 $14 {Gutman-Schwarze, Bad Zwischenahn 2002}) (7. d5 {is less logical, it
can only work if White can hold a strong N on c4.} e6 (7... Na6 8. Nc3 Nb4 9.
Ne1 (9. e4 e6) (9. Nd2 e6) 9... e6 10. dxe6 fxe6 11. Nb5 d5 $13 {and suddenly
Black grabs the |^ in the [+], Bauer-Bologan, Bastia 1999.}) 8. Nc3 exd5 9.
Nxd5 Nxd5 10. Qxd5 {The Q is not a good blockading piece...} Nc6 11. Bg5 Be6
12. Qd2 Qd7 13. Bh6 Bxb2 $13 {Sherbakov-Adamski, Warsaw 1991}) (7. Nc3 Na6 8.
h3 (8. a5 {- 7.a5}) 8... Bd7 9. e4 cxd4 10. Nxd4 {is a bit better version of
the g3 Dragon for White.} Nc5 11. a5 Qc8 12. Kh2 Rd8 13. Nd5 $14 {
Rukavina-Minic, Zagreb 1977}) 7... dxc5 8. a5 (8. Nc3 Nc6 9. a5 (9. Be3 Qb6 10.
Qc1 Bf5 11. Nh4 Be6 12. a5 Nxa5 13. Na4 Qc7 14. Nxc5 Bd5 $11 {and the black
pieces are active enough in an opened position, Zilberstein-Savon, Barnaul
1969.}) 9... a6 (9... Nd7 $5) 10. Qxd8 (10. Be3 Nd7) 10... Rxd8 11. Na4 {
The _|_ with the weak b6 and c5 squares can only be better for White.} Bf5 (
11... Nd7 12. Rd1 $36) 12. Nb6 (12. Nxc5 Bxc2 13. Nxb7 {wins the P.}) 12...
Bxc2 (12... Rab8 13. Bf4 e5 14. Nxe5 Nd4 15. Bf3) 13. Nxa8 Rxa8 14. Be3 Nd7 15.
Bd2 Be4 16. Bc3 $16 {Gutman-Kaeser, Altenkirchen 1999}) 8... Bf5 (8... Nc6 9.
Qxd8 (9. Nc3 {- 8.Nc3}) 9... Rxd8 10. c3 {looks too passive.} Nd5 (10... Bf5
$13) 11. e4 Nf6 12. Nbd2 Rb8 $13 {Markov-Volokitin, Ekaterinburg 2002}) (8...
a6 9. c3 (9. Nc3) 9... Nc6 10. Be3 Qc7 11. Bxc5 Nxa5 12. Bxe7 Re8 13. Bb4 Nc6
14. Ba3 $14 {and Black has to show something real for the sacrificed P,
Grivas-Stoumbou, Korinthos 2002.}) 9. Qxd8 Rxd8 10. Nfd2 Nc6 11. a6 {White
consequently follows his plan.} Nd4 $1 {Black has to find some active
counterplay at any rate.} 12. axb7 $6 {Now the black pieces will become
extremely active.} (12. e4 $1 {was required, for example:} Nxc2 (12... Bd7 13.
axb7 Rab8 14. Rxa7 Bc6 (14... Bb5 15. c4 Bc6 16. e5 Bxg2 17. Kxg2 Nd7 18. f4
Nc6 19. Ra3 Rxb7 20. Ne4 $16) 15. e5 Bxg2 16. Kxg2 Nd7 17. f4) 13. axb7 Rab8
14. Rxa7 Be6 15. Nc3 $14 {and although Black has some activity for the lost
material, White can consolidate his position.}) (12. Nc3 b5 13. Bxa8 Rxa8 $44)
12... Nxe2+ 13. Kh1 Rab8 14. Rxa7 Bxc2 15. h3 (15. Na3 Bd3 $36) 15... Bh6 16.
Na3 Bd3 17. Nb3 Nxc1 18. Rxc1 Bxc1 19. Nxc1 Be4 {White had to sacrifice the
exchange in order to avoid the quick collapse, but even so his chances for a
survival are minimal.} 20. Nb3 Bxg2+ 21. Kxg2 Ne4 22. Nc4 Rd7 23. Nba5 Nd6 24.
Nb6 Rdxb7 {Black sacrifices back the exchange in order to liquidate to a N _|_
with a healthy extra P.} 25. Nxb7 Rxb7 26. Rxb7 Nxb7 {In many theoretical
books even without the pawns on the << the position is regarded as a win for
Black.} 27. Kf3 {[%mdl 4096]} f5 $2 {This allows the white K to penetrate into
Black's position.} (27... f6 {was simple and strong.} 28. Ke4 e6 29. Kd3 Kf7
$17) 28. Kf4 Kf7 29. Ke5 {The K cannot be chased away from here anymore.} e6
30. Na4 Ke7 31. h4 h6 32. f3 g5 33. hxg5 hxg5 34. g4 fxg4 35. fxg4 Kf7 36. Nc3
Ke7 37. Ne4 1/2-1/2

[Event "Sarajevo Bosnia 32nd"]
[Site "Sarajevo"]
[Date "2002.05.28"]
[Round "7"]
[White "Dizdarevic, Emir"]
[Black "Smirin, Ilia"]
[Result "1-0"]
[WhiteElo "2526"]
[BlackElo "2685"]
[Annotator "Hazai,L"]
[PlyCount "63"]
[EventDate "2002.05.22"]
[EventType "tourn"]
[EventRounds "9"]
[EventCountry "BIH"]
[EventCategory "16"]
[SourceTitle "CBM 090"]
[Source "ChessBase"]
[SourceDate "2002.09.20"]
[SourceVersion "1"]
[SourceVersionDate "2002.09.20"]
[SourceQuality "1"]

1. Nf3 Nf6 2. g3 g6 3. b3 Bg7 4. Bb2 d6 5. d4 c5 6. Bg2 cxd4 (6... O-O 7. O-O
cxd4 8. Nxd4 d5 {- Kurajica-Smirin, Pula zt 2000 CBM 77}) 7. Nxd4 d5 {Black
loses a tempo, but the [+] is the most important factor here.} 8. c4 (8. O-O
O-O 9. c4 {is the theoretical main line.}) 8... e5 {This is the sharp and
consequent continuation. Black wants to build up a strong P [+].} (8... dxc4 9.
O-O O-O 10. bxc4 {may again transpose to the theoretical main line.}) 9. Nc2 d4
{If Black can keep this stronghold, he can even be better.} 10. e3 (10. b4) (
10. Ba3 {White wants to make profit from the fact, that Black hasn't castled
yet.} Bf8 (10... Nc6 $5) 11. O-O (11. Bxf8 Kxf8 12. f4 {blowing up the central
pawns was also interesting.}) 11... Bxa3 12. Nbxa3 Nc6 13. f4 e4 14. Nb5 d3 15.
exd3 exd3 {The main question is whether this o^ is weak or strong?} 16. Ne3 a6
17. Nc3 Qd4 18. Qd2 O-O 19. Kh1 $14 {Mainka-Poldauf, Dortmund 1999}) (10. O-O
O-O {is again a transposition.}) 10... Bg4 (10... d3 11. Nb4 e4 {looks rather
frightening for White, if Black can hold his P chain.}) 11. Qd2 Nc6 (11... d3
$2 {is already weak because of} 12. Bxb7 dxc2 13. Qxd8+ Kxd8 14. Na3 $18) 12.
exd4 exd4 13. O-O O-O 14. f3 {White will gain material, but how can Black get
sufficient counterplay for it?} d3 (14... Bf5 $5 15. Nxd4 Nxd4 16. Qxd4 Qxd4+
17. Bxd4 Rad8 18. Be5 Rfe8 {with very active black pieces for the P.} 19. f4
Be4 20. Bxe4 Nxe4 21. Bxg7 Kxg7 $44) 15. Ne3 (15. Ne1 {wins the o^, but Black
gets a nasty pressure for it.} Qb6+ 16. Kh1 Be6 17. Nxd3 Rad8 $44) 15... Qb6 (
15... Be6) 16. Nc3 (16. fxg4 $6 {founders on the double pin after} Bh6 $1)
16... Rfe8 17. Rae1 Bh6 $2 {Black pushes it too hard, and overestimates his
tactical chances based on the pinned N on e3.} (17... Be6 18. Qxd3 Rad8 {
was still not so terrible.}) 18. Ncd1 $1 Nd4 (18... Ne4 19. fxe4 Bxd1 20. Qf2
$18) (18... Rxe3 19. Nxe3 Re8 20. Bxf6 Bxe3+ (20... Rxe3 21. Kh1 $18) 21. Kh1
$18) 19. fxg4 $18 {Black simply has no adequate compensation for the piece.}
Nxg4 20. Kh1 Nxe3 (20... Nf5 21. c5 $1 Qxc5 22. Nxg4 $1 {simplifying for a
winning _|_.} Bxd2 23. Rxe8+ Rxe8 24. Nf6+ $18) 21. Rxe3 Rxe3 22. Nxe3 Nf5 23.
Qc3 Bg7 {[#]} 24. Nd5 $1 {This is the brilliant reply! The rest is silence.}
Bxc3 (24... Qe6 25. Qc1 $18) 25. Nxb6 Bxb2 (25... axb6 26. Bxc3 $18) 26. Nxa8
Ne3 27. Rf2 Bc3 28. Bf3 Be1 29. Rb2 g5 30. Nc7 g4 31. Nd5 Nxd5 32. Bxd5 1-0

[Event "Pula zt 1.2"]
[Site "Pula"]
[Date "2000.04.20"]
[Round "9"]
[White "Kurajica, Bojan"]
[Black "Smirin, Ilia"]
[Result "0-1"]
[WhiteElo "2530"]
[BlackElo "2666"]
[Annotator "Hazai,L"]
[PlyCount "106"]
[EventDate "2000.04.11"]
[EventType "swiss"]
[EventRounds "11"]
[EventCountry "CRO"]
[SourceTitle "CBM 077"]
[Source "ChessBase"]
[SourceDate "2000.07.27"]
[SourceVersion "1"]
[SourceVersionDate "2000.07.27"]
[SourceQuality "1"]

1. Nf3 Nf6 2. g3 g6 3. b3 Bg7 4. Bb2 d6 5. d4 c5 (5... O-O 6. Bg2 e5 {is the
other try to fight for the [+].}) 6. Bg2 O-O 7. O-O cxd4 8. Nxd4 d5 {Black
loses a tempo, but the [+] is the most important factor here.} 9. c4 e5 {
This is the sharp and consequent continuation. Black wants to build up a
strong P [+].} (9... dxc4 10. bxc4 {White has some pressure on the diagonals,
but his << P structure is rather weak.} Qb6 {- Taimanov-Solozhenkin, St.
Petersburg-ch 1995 CBM 47} ({Pinning the d4 N by} 10... Ng4 $5 {deserves
attention as well.} 11. h3 (11. Qd2 Qb6 12. h3 Ne5 $13) 11... Qb6 12. Qd2 Ne5
13. Na3 Nbc6 (13... Rd8 $5 14. Rfd1 Nbc6 $15) 14. Nxc6 bxc6 15. Bxe5 (15. Rfd1
Qc5) 15... Bxe5 16. Rab1 Qc5 $11 {De Jong-J.Horvath, Leeuwarden op 1995})) 10.
Nc2 (10. Nf3 e4 11. Nd4 (11. Nfd2 $5) 11... dxc4 12. bxc4 Nc6 $5 (12... b6 13.
Nc3 Bb7 {is also possible defending the strong central P on e4.}) 13. Nxc6 (13.
e3 Re8 (13... Qb6 14. Qb3 Bd7 15. Nd2 Na5 16. Qxb6 axb6 {Now Black's P
structure is also corrupted.} 17. Nxe4 Nxc4 18. Nxf6+ Bxf6 19. Bc3 $14 {
with a virtual P majority on the >>, Espig-Ghitescu, DSV-Turnier Berlin Ost
1982.}) 14. Nd2 Bg4 $11 {and the light squares may become weakness in White's
camp.}) 13... bxc6 14. Nc3 Qb6 15. Qb3 Re8 16. Rad1 Qxb3 17. axb3 Rb8 18. Na4
Rxb3 19. Bxf6 Bxf6 20. Nc5 Rb2 21. Nxe4 Kg7 22. e3 Bg4 $11 {Ree-Cifuentes,
NLD-ch 1993}) 10... d4 {If Black can keep this stronghold, he can even be
better.} (10... dxc4 11. bxc4 Nc6 {is similar to the previous structure with
isolated pawns on the <<.} 12. Nc3 Be6 {Black can finish his development with
ease and his pieces are harmoniously placed.} 13. Ne3 (13. Nd5 Rc8 14. Nce3 Ng4
15. Nxg4 Bxg4 16. h3 Be6 17. Qa4 Re8 18. Rfd1 Qa5 $11 {Zysk-Sznapik, Dortmund
1984}) 13... Rc8 14. Qa4 Nd7 15. Rfd1 Nd4 16. Rab1 a6 17. Ba3 Nb6 18. Rxb6 Qxb6
19. Ned5 (19. Bxf8 Bxf8 20. Ned5 Qb2 21. e3 Ne2+ 22. Nxe2 Qxe2 23. Bf1 {
1/2:1/2 Sturua-Pavlovic, Biel op MTO 1996}) 19... Bxd5 20. Nxd5 Qe6 21. Bxf8
Bxf8 22. e3 Nf5 $11) 11. b4 (11. f4 {blows up the [+], but many weaknesses
remain in White's camp.} Nc6 12. fxe5 Ng4 13. Nxd4 Qb6 (13... Ne3 $2 {is met by
} 14. Nxc6 $1 $16) 14. Bxc6 bxc6 15. Qd2 Rd8 $44 {with nasty pins}) (11. Kh1
Nc6 12. f4 exf4 13. Rxf4 Ng4 $132) 11... Nc6 12. Nd2 (12. b5 Na5 13. Nd2 Be6 $1
14. c5 Nd5 $13 {and Black has secured his advantage in the [+].}) (12. f4 exf4
13. Rxf4 Nh5 14. Rf3 $8 (14. Rf2 $2 d3 $19) 14... Bf5 $13) 12... Bg4 13. h3 (
13. f3 {is a successful provocation after} Bf5) (13. Ne4 {runs into} Bxe2 $1
14. Qxe2 d3 15. Nxf6+ Bxf6 16. Qe4 dxc2) 13... Be6 {This is the safest
continuation.} (13... d3 $5 14. hxg4 dxc2 15. Qxc2 Nxb4 16. Qc3 Nc6 17. g5 Nd7
18. Ne4 {with ^^ and the N is excellent in the [+].}) (13... Bxe2 14. Qxe2 d3
15. Qe3 $1 {White wants to keep the b P supposing that the c2 P will fall soon
or later.} (15. Qd1 dxc2 16. Qxc2 Nxb4 17. Qb3 Nc6 18. Qxb7 (18. Rad1 Rb8)
18... Qxd2 19. Rfd1 Qe2 20. Re1 Qxc4 21. Qxc6 Qxc6 22. Bxc6 Rac8 23. Rac1 e4
$11) 15... dxc2 16. b5 Nd4 17. Bxb7 Rb8 18. Bg2 $14 {and the connected passed
pawns are dangerous.}) 14. e3 $6 {Now Black's o^ d3 becomes a real pest.} (14.
b5 Na5 {>< c4}) (14. Kh2 Qc7 $13) 14... d3 $1 15. Na3 Nxb4 16. Bxe5 {This was
not a very successful exhange of pawns.} Nc6 17. Bc3 (17. Bxf6 Bxf6 18. Rb1 Qd7
$15) 17... a6 (17... Qe7 $5 {/\ Rfd8 defending the o^ comes into consideration.
} 18. Qb3 (18. Nb5 Rfd8 $15) 18... Rfd8 $15) 18. Qb3 (18. Rb1 $5 Qd7) 18... Qe7
19. Qb2 (19. Rab1 Rfd8 $15) 19... Rfd8 20. Rad1 Rd7 (20... Rac8 $15) 21. Nb3
Ne8 (21... Bf8 $5 {would be an unusual reply!} 22. c5 (22. Bxf6 Qxa3) (22. Nb1
Ne8) 22... Bxb3 23. axb3 (23. Bxf6 Qxc5 $17) 23... Ne4 24. b4 a5 {blowing up
White's P chain on the <<.} (24... Nxc3 25. Qxc3 Bg7 $15 {was also possible.}))
22. Bxg7 Nxg7 23. Nd4 Ne5 24. Nxe6 Qxe6 25. Qb3 (25. Bd5 {is strongly met by}
Rxd5 $1 {eliminating the defender piece.} 26. cxd5 Nf3+ 27. Kg2 Qxd5 $17 {
with nasty threats on the long /^.}) 25... Rad8 ({or} 25... Rc8 26. Kh2 Nf5)
26. Rd2 Qf5 (26... Nf5 $5 {was again interesting}) 27. e4 (27. f4 Nc6 28. Rfd1
Ne6 29. e4 Qc5+ 30. Kh2 Ncd4 $17 {with an annoying pressure in the [+].}) 27...
Nf3+ 28. Bxf3 Qxf3 $17 {Black still firmly keeps his strong o^ on d3 dividing
White's position on two separate parts.} 29. Re1 Ne6 30. Re3 Ng5 $6 (30... Nd4
$1 {was the logical blow.} 31. Qxd3 Qh5 32. Kg2 (32. g4 Qa5 33. Kg2 Nf5 $1)
32... Nf5 $17) 31. Nb1 $1 {Now White has some defensive resources.} Nxh3+ 32.
Kh2 Qg4 (32... Qh5 33. g4 $1 Qxg4 34. Rxh3 Qxe4 $44) 33. Nc3 Ng5 34. Kg2 {
White has lost a P, he has consolidated his K's position.} Rd4 (34... Qh3+ 35.
Kg1) 35. Qxb7 (35. f4 Ne6 36. Nd5 R4xd5 $1 {This strong centralized N has to
be eliminated.} 37. exd5 Nxf4+ 38. Kg1 Ne2+ 39. Kg2 Qg5 40. Kf2 Nxg3 41. Rdxd3
Nf5 $44 {and White K is not safe at all.}) 35... Rxc4 36. Rdxd3 Rdc8 (36...
Qh3+ 37. Kg1 Rxd3 38. Rxd3 Nxe4 39. Qb8+ Kg7 40. Qe5+ Nf6 41. Rd6 Qf5 42. Qxf5
gxf5 43. Ne2 $15 {because Black's P advantage is not very useful.}) 37. Qe7 h6
38. Rd8+ Kh7 39. Rxc8 Qxc8 40. Qf6 $11 {Now Black has completely lost his
advantage.} Rb4 (40... Rc6 41. Qd4 $11) 41. Rd3 Rb8 42. Qf4 Qc4 43. Re3 $6 (43.
Qxb8 $1 Qxd3 44. Qe5 $11 {was drawish.}) 43... Rb2 {Now Black's pieces are
dominating the board again.} 44. Qd6 Qc8 45. Qd3 Qe6 46. Re2 Rb4 47. Re3 a5 $1
{pushing the P ahead is a good strategy in this type of position.} 48. Qe2 a4
49. f4 (49. a3 Qh3+ 50. Kg1 Rb3 $19) 49... a3 $1 $19 {This is the point!} 50.
Qe1 Qh3+ 51. Kg1 Rb2 52. Ne2 Ne6 53. Qc3 Nd4 $1 0-1